[Event "MOKATE POL-chW 2019"]
[Site "Warsaw"]
[Date "2019.05.17"]
[Round "7.5"]
[White "Rajlich, Iweta"]
[Black "Kubicka, Anna"]
[Result "1/2-1/2"]
[WhiteElo "2378"]
[BlackElo "2142"]
[Annotator "TA"]
[PlyCount "162"]
[EventDate "2019.05.11"]
[EventType "tourn"]
[EventCountry "POL"]
[SourceTitle "playchess.com"]
[Source "ChessBase"]
[SourceQuality "1"]

{[%evp 9,162,0,7,0,5,5,22,3,18,12,13,6,12,17,6,-6,0,-43,-39,-52,-41,-38,14,12,9,0,30,32,45,39,42,29,40,35,36,28,47,32,47,35,39,12,15,0,7,-5,-6,-32,-23,-30,0,-9,-4,-15,-17,-94,-118,-88,-109,-116,-32,-34,-43,-93,-104,-102,-113,-99,-100,-106,-114,-148,-41,-170,-177,-169,-141,-172,-4,-191,0,-81,-48,-73,-75,-74,0,0,0,0,0,0,0,-14,0,0,0,0,0,0,0,0,0,0,0,0,0,0,0,0,0,0,0,0,0,0,0,0,0,0,0,0,0,0,0,0,0,0,0,0,0,0,0,0,0,0,0,0,-165,-237,0,0,0,0,0,0,0,0,0,0,0,0,0,0,0]} 1. d4 d6 2. g3 Nd7 (2... g6 3. Bg2 Bg7 4. Nf3 Nf6 5. c4 c6 6. O-O O-O 7. Nc3 Bf5 8. Ng5 d5 9. Qb3 Qb6 10. cxd5 Qxb3 11. axb3 cxd5 12. Nxd5 Nxd5 13. Bxd5 Nc6 14. e3 h6 15. Ne4 Rfd8 {½-½ (49) Svane,R (2600)-Efimenko,Z (2635) Germany 2019}) 3. d5 g6 $146 ({Predecessor:} 3... e5 4. dxe6 fxe6 5. Bg2 Ngf6 6. c4 Be7 7. Nc3 O-O 8. Nf3 e5 9. O-O a5 10. Ng5 {0-1 (34) Petran,P (2435)-Dobrovolsky,L (2385) Slovakia 1999}) 4. Bg2 Bg7 5. Nf3 Ngf6 6. Nc3 {A41: 1 d4 d6: Tartakower System and Modern Defence} Nc5 7. Nd4 e5 8. dxe6 Nxe6 9. Nxe6 fxe6 10. e4 e5 11. Bg5 Be6 12. h4 Qd7 13. Bxf6 Bxf6 14. Nd5 Rf8 15. Qd2 c6 (15... Bg7 $15) 16. Nxf6+ $11 Rxf6 17. Qe3 Qf7 18. O-O Bg4 19. f3 Be6 20. b3 Qc7 21. Kh2 b6 22. a4 a5 23. Rab1 Rf7 24. c3 Kf8 25. f4 exf4 26. gxf4 d5 27. e5 Kg8 28. Qg3 Kh8 29. Rbd1 Rd8 30. Rd2 Qe7 31. Qg5 Qf8 32. Bh3 (32. Qg3 $11) 32... Bxh3 $17 33. Kxh3 Rf5 $1 {[%cal Rf5g5]} 34. Qg3 {[#]} Qe7 (34... Rxe5 $1 $17 {[%mdl 512]} 35. fxe5 Qxf1+ 36. Kh2 Rf8) 35. Rf3 Rdf8 36. c4 dxc4 37. bxc4 Qe6 $36 {[%mdl 2048] White is under strong pressure.} 38. Rd6 Qxc4 {[%cal Rf5f4][%mdl 64] Double Attack} 39. e6 Qe4 (39... Rxf4 $2 40. Rxf4 Rxf4 41. e7 $18) (39... Qxa4 $2 40. e7 $18) 40. Qf2 R5f6 (40... Rxf4 $2 41. Rxf4 Qxf4 42. Qxf4 $18) (40... Qxa4 $2 41. Qb2+ Kg8 42. Rd7 $18) ({Black should try} 40... Rd5 $17 41. e7 Qxe7 42. Rxd5 Qe6+ 43. Kg3 cxd5 44. Qd4+ Kg8) 41. f5 (41. Qe3 $15 Qf5+ 42. Kg3) 41... gxf5 42. Re3 Qg4+ 43. Kh2 {Hoping for e7.} Re8 $2 ({Better is} 43... Rg8 $19 44. Rxc6 Qxa4 45. Rxb6 Rfg6) 44. Rxc6 $2 {[#]} (44. Qb2 $1 $11 {and White stays safe.} Qg7 45. Rd7) 44... f4 $2 ({Stronger than} 44... Rh6 45. Qb2+ Qg7 46. Qxg7+ Kxg7 47. Kh3 $11) (44... Qd4 $1 $19 45. Rf3 Qxf2+ 46. Rxf2 Rexe6) 45. Rc4 (45. Re4 $11) 45... Qf5 ({Much worse is} 45... fxe3 $6 46. Qxf6+ Qg7 47. Qf4 $11) ({Reject} 45... Rfxe6 $6 46. Rxf4 Qxf4+ 47. Qxf4 $11) 46. Ree4 f3 47. e7 Rg6 (47... Qd7 $17) 48. Rf4 $11 Qe5 49. Rce4 Qd6 50. Qxf3 Rf6 51. Rd4 Rxf4 52. Rxd6 Rxf3 53. Rd8 Kg7 54. Rxe8 {[%mdl 4096] Endgame KR-KR} Re3 55. Rb8 Rxe7 56. Rxb6 Re4 57. h5 Rxa4 58. h6+ Kf7 59. Ra6 Ra3 60. Kg2 a4 61. Kh2 Ra1 62. Kg2 a3 63. Kh2 a2 (63... Ke7 $5 64. Ra7+ $8 Kf6 65. Rxh7 Kg6 $11) 64. Kg2 Ke7 65. Kh2 Kd7 {Threatens to win with ...Kc7.} 66. Kg2 Kc7 {aiming for ...Kb7.} 67. Kh2 Kb7 68. Ra3 (68. Ra4 {looks sharper.} Kb6 69. Kg2 Kc5 70. Ra7 Kb4 71. Ra8) 68... Kc6 69. Ra8 Kd6 {White must now prevent ...Kc5.} 70. Kg2 Ke6 71. Kh2 Kf6 {Strongly threatening ...Ke5.} 72. Ra6+ Kg5 {...Kf4 is the strong threat.} 73. Kg2 Kh5 $2 (73... Kf4 $11 74. Ra5 Ke4) 74. Kh2 $19 Rb1 $2 (74... Kh4 $19 {And now ...Kg5 would win.} 75. Ra5 Kg4) 75. Rxa2 $11 {The position is equal.} Rb6 76. Ra5+ Kxh6 77. Kh3 Kg6 78. Kh4 Rb4+ 79. Kh3 h5 80. Ra6+ Kg5 81. Ra5+ Kg6 {Accuracy: White = 58%, Black = 40%.} 1/2-1/2

[Event "MOKATE POL-chW 2019"]
[Site "Warsaw"]
[Date "2019.05.18"]
[Round "8.1"]
[White "Szczepkowska, Karina"]
[Black "Kubicka, Anna"]
[Result "1/2-1/2"]
[WhiteElo "2431"]
[BlackElo "2142"]
[Annotator "TA"]
[PlyCount "91"]
[EventDate "2019.05.11"]
[EventType "tourn"]
[EventCountry "POL"]
[SourceTitle "playchess.com"]
[Source "ChessBase"]
[SourceQuality "1"]

{[%evp 12,91,19,23,6,3,16,10,0,1,15,16,0,13,12,-5,29,0,0,0,18,-80,-83,-52,-13,-18,-4,-6,-10,-5,-6,-25,-21,-23,-18,-15,-19,-20,-18,-27,-16,-28,-7,-7,-7,-5,12,19,48,52,61,62,62,62,42,33,58,29,30,35,47,6,26,26,27,17,17,4,4,8,10,0,0,0,0,0,0,0,0,0,0,-28]} 1. d4 Nf6 2. c4 e6 3. Nf3 d5 4. Nc3 Bb4 5. Qa4+ Nc6 6. e3 O-O 7. Bd2 dxc4 {D38: Queen's Gambit Declined: Ragozin Defence (4 Nf3 Bb4)} 8. Bxc4 Bd6 9. h3 (9. e4 e5 10. dxe5 Nxe5 11. Nxe5 Bxe5 12. O-O-O Qe8 13. Qxe8 Rxe8 14. f3 Be6 15. Bxe6 Rxe6 {½-½ (67) Navara,D (2727)-Harikrishna,P (2732) Prague 2018}) 9... e5 10. d5 Ne7 11. e4 c6 $146 ({Predecessor:} 11... a6 12. a3 Ng6 13. Qc2 Bd7 14. h4 h6 15. h5 {½-½ (38) Polak,T (2522)-Hainke,G (2318) Livigno 2012}) 12. dxc6 Nxc6 13. Be3 Qa5 14. O-O-O Bb4 15. Qxa5 Nxa5 16. Bd5 {[#]} (16. Bd3 $11 {keeps the balance.}) 16... Bxc3 $1 $17 17. bxc3 Nxd5 18. Rxd5 Nc4 19. Nxe5 Nxe3 20. fxe3 Be6 21. Ra5 b6 22. Ra4 f6 23. Nf3 Bd7 24. Rd4 Bc6 25. Rc4 Rac8 26. Rd1 b5 27. Rcd4 Rfe8 28. Nd2 f5 29. Kb2 Bxe4 30. Nxe4 Rxe4 31. Rxe4 fxe4 $11 {[%mdl 4096] Endgame KR-KR} 32. Kb3 Rf8 33. Rd2 Rf1 34. Kb4 Re1 35. Kxb5 Rxe3 36. c4 Rd3 37. Re2 e3 38. c5 {[#] aiming for Kc4.} Kf7 {The position is equal.} 39. Kc4 Ra3 $1 40. Kd5 Ke7 41. Rb2 Rd3+ 42. Ke4 Rc3 43. Kd4 Ra3 $1 44. Re2 Kd7 45. Rxe3 Rxa2 46. Ke4 {Accuracy: White = 52%, Black = 68%.} 1/2-1/2

[Event "MOKATE POL-chW 2019"]
[Site "Warsaw"]
[Date "2019.05.18"]
[Round "8.2"]
[White "Socko, Monika"]
[Black "Rajlich, Iweta"]
[Result "1/2-1/2"]
[WhiteElo "2445"]
[BlackElo "2378"]
[Annotator "TA"]
[PlyCount "70"]
[EventDate "2019.05.11"]
[EventType "tourn"]
[EventCountry "POL"]
[SourceTitle "playchess.com"]
[Source "ChessBase"]
[SourceQuality "1"]

{[%evp 9,70,22,46,24,58,35,59,16,31,0,27,-19,-8,-19,-16,-20,-14,-37,-34,-31,-25,-23,-7,-45,0,-50,-31,-54,-56,-57,-14,-43,-41,-41,-36,-29,-24,-23,-26,-47,-44,-62,-32,-28,-2,-56,-13,-35,-52,-85,-83,-92,-85,-81,-81,-98,-94,-87,-86,-97,-100,-95,-90]} 1. d4 d5 2. Nf3 Nc6 3. g3 Bg4 4. Bg2 Qd7 5. h3 Bf5 6. a3 {D02: 1 d4 d5 2 Nf3 sidelines, including 2...Nf6 3 g3 and 2...Nf6 3 Bf4} (6. c3 O-O-O 7. Nbd2 e5 8. dxe5 f6 9. e6 Bxe6 10. Nb3 Kb8 11. Be3 Bd6 12. Nfd4 Bf7 13. Nxc6+ Qxc6 14. a4 {1-0 (37) Meier,G (2632)-Fressinet,L (2717) Dubai 2014}) 6... Be4 $146 ({Predecessor:} 6... f6 7. Nc3 e5 8. dxe5 d4 9. e4 Bg6 10. e6 Qd8 11. Nb5 Bxe4 12. Bf4 Rc8 13. O-O Bc5 {1-0 (26) Charochkina,D (2376)-Voit,D (2364) Satka 2015}) 7. b4 Nf6 8. Nc3 {White is slightly better.} Bxf3 9. exf3 g6 10. f4 Bg7 11. Be3 O-O 12. O-O e6 13. Qd3 Ne7 14. Nb1 Nf5 15. Nd2 Nd6 16. Kh2 Rfd8 17. Rfd1 a5 18. Rdb1 axb4 19. axb4 Qb5 20. Qxb5 Nxb5 21. Ra5 c6 22. Bf1 b6 23. Rxa8 Rxa8 24. Nf3 Ne4 $36 {[%mdl 2048] Black has good play.} 25. Ne5 Nec3 26. Rb3 Rc8 27. Kg2 (27. g4 $11) 27... f6 $15 28. Nf3 Ra8 29. Bd2 Ne4 {Black is better.} 30. Bc1 Ned6 31. g4 Ra2 32. Rb2 Ra1 33. Be3 Nc4 34. Rb3 Ra2 35. Bd3 Kf7 {Accuracy: White = 46%, Black = 67%.} 1/2-1/2

[Event "MOKATE POL-chW 2019"]
[Site "Warsaw"]
[Date "2019.05.18"]
[Round "8.3"]
[White "Kulon, Klaudia"]
[Black "Zawadzka, Jolanta"]
[Result "0-1"]
[WhiteElo "2357"]
[BlackElo "2427"]
[Annotator "TA"]
[PlyCount "60"]
[EventDate "2019.05.11"]
[EventType "tourn"]
[EventCountry "POL"]
[SourceTitle "playchess.com"]
[Source "ChessBase"]
[SourceQuality "1"]

{[%evp 9,60,0,1,-5,-12,-23,7,-35,-34,-90,-78,-204,-195,-178,-182,-182,-189,-203,-208,-187,-169,-164,-95,-158,-156,-191,-170,-196,-187,-192,-195,-279,-272,-281,-245,-315,-214,-228,-222,-219,-205,-622,-619,-612,-614,-596,-598,-1695,-1694,-29989,-29990,-29990,-29990]} 1. e4 e5 2. Nf3 Nc6 3. Nc3 Nf6 4. Bb5 Bc5 5. d3 O-O 6. Bg5 {C48: Four Knights: 4 Bb5, replies other than 4...Bb4} (6. Bxc6 dxc6 7. Be3 Bd6 8. h3 c5 9. g4 Nd7 10. Ne2 Nb8 11. Ng3 Nc6 12. Nf5 Re8 13. h4 Bf8 {1-0 (37) So,W (2778)-Karjakin,S (2782) Stavanger 2018}) 6... h6 7. Bh4 Re8 8. Qd2 $146 {The position is equal.} ({Predecessor:} 8. O-O Nd4 9. Nxd4 Bxd4 10. Ne2 Bb6 11. Kh1 c6 12. Bc4 g5 13. Bg3 d5 14. exd5 Nxd5 15. Bxd5 cxd5 {0-1 (60) Firman,N (2517)-McShane,L (2671) Germany 2012}) 8... Nd4 $1 9. Bc4 (9. Nxd4 $15 exd4 10. Nd5 {[%mdl 64] Pin} Nxe4 11. Bxd8 Nxd2+ 12. Kxd2 Rxd8 13. Nxc7) 9... c6 10. O-O-O (10. a3 $17) 10... b5 $19 11. Bb3 {[#]} a5 $1 {[%cal Ra5a4] And now ...a4 would win.} 12. a4 Bb4 13. Qe3 Nxb3+ 14. cxb3 bxa4 15. Nxa4 Rb8 (15... d5 $19 16. Bxf6 Qxf6) 16. g4 ({White should try} 16. d4 exd4 17. Nxd4) 16... d5 {Strongly threatening ...d4.} 17. g5 Ng4 18. Qe2 {intending gxh6.} hxg5 19. Bxg5 Be7 20. h4 (20. Bxe7 $142 Qxe7 21. Nd2) 20... Rxb3 21. Qc2 Rb4 22. Bd2 Rb8 23. Rdg1 dxe4 24. dxe4 Be6 {White must now prevent ...Bb3.} 25. Nc5 $2 (25. Bc3 Bb3 26. Qd2 Qxd2+ 27. Nxd2 Nxf2 28. Nxb3 Rxb3 29. Rh2 Nxe4 30. Bxe5) 25... Bxc5 26. Qxc5 Rb5 27. Qc3 Rb3 28. Qxb3 Bxb3 29. Rxg4 Qd3 {[%csl Gb3][%cal Rd3c2]} 30. Ne1 {[#]} Qc4+ {Played: Qd3-e2} 0-1

[Event "MOKATE POL-chW 2019"]
[Site "Warsaw"]
[Date "2019.05.18"]
[Round "8.4"]
[White "Warakomska, Anna"]
[Black "Majdan, Joanna"]
[Result "1-0"]
[WhiteElo "2218"]
[BlackElo "2371"]
[Annotator "NA"]
[PlyCount "53"]
[EventDate "2019.05.11"]
[EventType "tourn"]
[EventCountry "POL"]
[SourceTitle "playchess.com"]
[Source "ChessBase"]
[SourceQuality "1"]
[TimeControl "40/5400+30:1800+30"]

1. e4 {[%emt 0:00:00]} c5 {[%emt 0:00:00]} 2. Nf3 {[%emt 0:00:00]} Nc6 {[%emt 0:00:00]} 3. Bb5 {[%emt 0:00:00]} g6 {[%emt 0:00:00]} 4. Bxc6 {[%emt 0:00:00]} bxc6 {[%emt 0:00:00]} 5. d4 {[%emt 0:00:36]} Bg7 {[%emt 0:01:08]} 6. dxc5 {[%emt 0:00:27]} Qa5+ {[%emt 0:00:21]} 7. Nbd2 {[%emt 0:00:06]} Ba6 {[%emt 0:11:02]} 8. Rb1 {[%emt 0:00:39]} Qxc5 {[%emt 0:04:08]} 9. c4 {[%emt 0:01:35]} Qa5 {[%emt 0:04:43]} 10. b4 {[%emt 0:08:40]} Qc7 {[%emt 0:02:04]} 11. O-O {[%emt 0:01:04]} Nf6 {[%emt 0:01:38]} 12. e5 {[%emt 0:16:29]} Ng4 {[%emt 0:01:01]} 13. Re1 {[%emt 0:00:28]} Nxe5 {[%emt 0:05:49]} 14. Nxe5 {[%emt 0:01:36]} Bxe5 {[%emt 0:00:03]} 15. Rxe5 {[%emt 0:00:27]} Qxe5 {[%emt 0:00:36]} 16. Bb2 {[%emt 0:00:03]} Qf5 {[%emt 0:13:17]} 17. Bxh8 {[%emt 0:00:13]} f6 {[%emt 0:00:19]} 18. Bg7 {[%emt 0:09:06]} Kf7 {[%emt 0:09:17]} 19. Bh6 {[%emt 0:00:09]} g5 {[%emt 0:00:21]} 20. h4 {[%emt 0:07:15]} Qg6 {[%emt 0:05:40]} 21. hxg5 {[%emt 0:00:11]} fxg5 {[%emt 0:02:47]} 22. b5 {[%emt 0:01:16]} Bb7 {[%emt 0:01:41]} 23. Nf3 {[%emt 0:00:42]} Qxh6 {[%emt 0:00:49]} 24. Ne5+ {[%emt 0:00:05]} Kg7 {[%emt 0:04:53]} 25. Qxd7 {[%emt 0:00:21]} Qd6 {[%emt 0:00:15]} 26. Qxb7 {[%emt 0:01:06]} Rb8 {[%emt 0:00:03]} 27. bxc6 {[%emt 0:00:20]} 1-0

[Event "MOKATE POL-chW 2019"]
[Site "Warsaw"]
[Date "2019.05.18"]
[Round "8.5"]
[White "Sliwicka, Alicja"]
[Black "Dwilewicz, Katarzyna"]
[Result "0-1"]
[WhiteElo "2271"]
[BlackElo "2028"]
[Annotator "NA RC"]
[PlyCount "154"]
[EventDate "2019.05.11"]
[EventType "tourn"]
[EventCountry "POL"]
[SourceTitle "playchess.com"]
[Source "ChessBase"]
[SourceQuality "1"]
[TimeControl "40/5400+30:1800+30"]

1. e4 {[%emt 0:00:00]} c5 {[%emt 0:00:00]} 2. Nf3 {[%emt 0:00:00]} d6 {[%emt 0:00:00]} 3. d4 {[%emt 0:00:00]} cxd4 {[%emt 0:00:00]} 4. Qxd4 {[%emt 0:00:00]} a6 {[%emt 0:02:31]} 5. c4 {[%emt 0:00:05]} Nc6 {[%emt 0:00:35]} 6. Qd2 {[%emt 0:02:59]} Nf6 {[%emt 0:03:08]} 7. Nc3 {[%emt 0:00:13]} g6 {[%emt 0:01:52]} 8. b3 {[%emt 0:01:56]} Bg7 {[%emt 0:00:31]} 9. Bb2 {[%emt 0:01:33]} O-O {[%emt 0:00:19]} 10. Be2 {[%emt 0:03:52]} Qa5 {[%emt 0:08:23]} 11. Nd5 {[%emt 0:17:14] B53: Sicilian: 2...d6: Lines with Qxd4} (11. Rb1 Bg4 12. a3 Rab8 13. b4 Qd8 14. Ng5 h6 15. Nf3 Rc8 16. Rc1 Bxf3 17. gxf3 Nd7 18. Nd5 Bxb2 19. Qxb2 {0-1 (61) Dgebuadze,A (2547)-Lutz,C (2614) Vandoeuvre 2005}) 11... Qxd2+ {[%emt 0:15:29]} 12. Nxd2 {[%emt 0:00:10]} Nxd5 {[%emt 0:00:13]} 13. Bxg7 {[%emt 0:00:17]} Kxg7 {[%emt 0:00:07]} 14. cxd5 {[%emt 0:07:06]} Nd4 {[%emt 0:01:26]} 15. Rc1 {[%emt 0:03:58]} Rd8 $146 {[%emt 0:14:27]} ({Predecessor:} 15... e6 16. dxe6 Bxe6 17. Nf3 Nc6 18. Bd3 Bg4 {½-½ (63) Dzhangirov,D (2287)-Baltag,I (2420) Kiev 2012}) 16. Rc7 {[%emt 0:14:07]} Rd7 {[%emt 0:02:41]} 17. Rc4 {[%emt 0:00:49]} e5 {[%emt 0:01:45]} 18. Nf3 {[%emt 0:03:19]} b5 {[%emt 0:03:01]} 19. Rc3 {[%emt 0:02:55]} b4 {[%emt 0:09:53]} 20. Rc4 {[%emt 0:02:56]} Nxe2 {[%emt 0:00:51]} 21. Kxe2 {[%emt 0:00:05]} a5 {[%emt 0:00:03]} 22. Kd2 {[%emt 0:01:22]} Ba6 {[%emt 0:06:32]} 23. Rc6 {[%emt 0:01:57]} Bb7 {[%emt 0:02:02]} 24. Rc2 {[%emt 0:04:24]} f5 {[%emt 0:01:03]} 25. Ke3 {[%emt 0:02:38]} fxe4 {[%emt 0:04:32]} 26. Kxe4 {[%emt 0:01:06]} Rf8 {[%emt 0:00:40]} 27. Rd1 {[%emt 0:01:15]} h6 {[%emt 0:00:21]} 28. Ng1 {[%emt 0:03:42]} g5 {[%emt 0:03:52]} 29. Ke3 {[%emt 0:02:02]} Kf6 {[%emt 0:00:30]} 30. Ne2 {[%emt 0:00:37]} Ke7 {[%emt 0:00:13]} 31. Ng3 {[%emt 0:02:27]} Kd8 {[%emt 0:01:24]} 32. Ne4 {[%emt 0:01:52]} Rc7 {[%emt 0:00:42]} 33. Rxc7 {[%emt 0:05:45]} Kxc7 {[%emt 0:00:04]} 34. f3 {[%emt 0:01:16]} Kd7 {[%emt 0:00:50]} 35. g4 {[%emt 0:02:24]} Rc8 {[%emt 0:02:24]} 36. Rd2 {[%emt 0:00:04]} Ke7 {[%emt 0:01:51]} 37. Kf2 {[%emt 0:04:47]} Rc1 {[%emt 0:00:58]} 38. Kg2 {[%emt 0:01:26]} Ba6 {[%emt 0:02:57]} 39. Ng3 {[%emt 0:01:29]} Bc8 {[%emt 0:01:10]} 40. Nf1 {[%emt 0:00:00]} Bb7 {[%emt 0:00:00]} 41. Ne3 {[%emt 0:01:47]} Rc5 {[%emt 0:12:40]} 42. Kg3 {[%emt 0:03:49]} Kd7 {[%emt 0:01:29]} 43. h4 {[%emt 0:02:07]} Rc3 {[%emt 0:08:53]} 44. Kf2 {[%emt 0:09:01]} gxh4 {[%emt 0:00:34]} 45. Nc4 {[%emt 0:01:53]} Kc7 {[%emt 0:07:09]} 46. Nxa5 {[%emt 0:01:10]} Kb6 {[%emt 0:00:17]} 47. Nxb7 {[%emt 0:02:38]} Kxb7 {[%emt 0:00:01]} 48. f4 {[%emt 0:02:29]} Rh3 {[%emt 0:02:04]} ({Better is} 48... Kc7 $1 $15 49. Re2 exf4) 49. Rd1 {[%emt 0:01:32]} Rh2+ {[%emt 0:05:24]} 50. Kg1 {[%emt 0:00:27]} (50. Kf3 $11 {keeps the balance.}) 50... Rxa2 {[%emt 0:00:08]} 51. fxe5 {[%emt 0:05:51]} (51. Rf1 $15) 51... dxe5 $19 {[%emt 0:00:02]} 52. d6 {[%emt 0:01:28]} Kc8 {[%emt 0:02:19]} 53. Rd5 {[%emt 0:00:47]} Rb2 {[%emt 0:00:54]} 54. Rxe5 {[%emt 0:00:58]} Rxb3 {[%emt 0:00:11]} 55. Kh2 {[%emt 0:00:46]} Rg3 {[%emt 0:00:53]} 56. Re4 {[%emt 0:00:44]} b3 {[%emt 0:00:14]} 57. Rb4 {[%emt 0:00:40]} Kd7 {[%emt 0:00:58]} 58. Rb6 {[%emt 0:00:18]} Rc3 {[%emt 0:00:57]} 59. Kg2 {[%emt 0:00:33]} Ke6 {[%emt 0:01:09]} 60. Kh2 {[%emt 0:00:40]} Rd3 {[%emt 0:00:25]} 61. Kg2 {[%emt 0:00:28]} Kd7 {[%emt 0:01:41]} 62. Kh2 {[%emt 0:00:05]} Ke6 {[%emt 0:00:02]} 63. Kg2 {[%emt 0:00:03]} Kd5 {[%emt 0:00:55]} 64. d7 {[%emt 0:01:02]} Kc4 {[%emt 0:00:20]} 65. Rc6+ {[%emt 0:02:16]} Kb4 {[%emt 0:00:19]} 66. Rxh6 {[%emt 0:00:44]} Rxd7 {[%emt 0:00:23]} 67. Rb6+ {[%emt 0:01:08]} Kc4 {[%emt 0:01:13]} 68. Kh3 {[%emt 0:00:45]} Rd5 {[%emt 0:00:20]} 69. Kxh4 {[%emt 0:00:42]} Rb5 {[%emt 0:00:19]} 70. Rc6+ {[%emt 0:00:05]} Kd3 {[%emt 0:00:28]} 71. Rc1 {[%emt 0:02:04]} b2 {[%emt 0:00:12]} 72. Rb1 {[%emt 0:00:03]} Kc2 {[%emt 0:00:03]} 73. Rg1 {[%emt 0:01:12]} b1=Q {[%emt 0:00:29]} 74. Rxb1 {[%emt 0:00:03]} Rxb1 {[%emt 0:00:21]} 75. Kg5 {[%emt 0:00:40]} Kd3 {[%emt 0:00:08]} 76. Kf6 {[%emt 0:01:30]} Ke4 {[%emt 0:00:20]} 77. g5 {[%emt 0:00:10]} Rb6+ {[%emt 0:00:07]} 0-1

[Event "MOKATE POL-chW 2019"]
[Site "Warsaw"]
[Date "2019.05.19"]
[Round "9.1"]
[White "Dwilewicz, Katarzyna"]
[Black "Szczepkowska, Karina"]
[Result "0-1"]
[WhiteElo "2028"]
[BlackElo "2431"]
[Annotator "TA"]
[PlyCount "58"]
[EventDate "2019.05.11"]
[EventType "tourn"]
[EventCountry "POL"]
[SourceTitle "playchess.com"]
[Source "ChessBase"]
[SourceQuality "1"]

{[%evp 11,58,41,41,26,31,21,60,-26,-37,-25,-19,-18,-25,-30,-29,-61,-72,-107,-102,-120,-69,-113,-116,-182,-181,-222,-96,-254,-234,-356,-387,-383,-358,-381,-381,-365,-345,-491,-509,-486,-509,-486,-477,-704,-697,-845,-787,-850,-820]} 1. e4 d6 2. Nc3 g6 3. d4 Bg7 4. Nf3 a6 5. Be2 b5 6. O-O Bb7 7. a4 {B06: Modern Defence} (7. Re1 Nd7 8. a4 b4 9. Nd5 Ngf6 10. Nxf6+ exf6 11. a5 O-O 12. Bd3 Re8 13. Bd2 c5 14. c3 bxc3 15. bxc3 {½-½ (39) Zhang,Z (2414)-Wang,H (2726) Qinhuangdao 2019}) 7... b4 8. Nd5 a5 9. Bg5 $146 (9. Re1 $14) ({Predecessor:} 9. Re1 e6 10. Nf4 Ne7 11. Ng5 Bc8 12. Bc4 O-O 13. Qf3 Kh8 14. Qh3 h6 15. Nxf7+ Rxf7 16. Nxe6 {0-1 (55) Raja,H (2427)-Grigoryan,K (2581) chess.com INT 2018}) 9... h6 $11 10. Bh4 g5 11. Bg3 e6 12. Ne3 Bxe4 13. d5 e5 $1 ({Reject} 13... Bxb2 $6 14. Rb1 $11) 14. h4 Nd7 15. Bd3 Bxd3 ({Better is} 15... Nc5 $17 16. Bxe4 Nxe4) 16. Qxd3 Nc5 17. Qb5+ (17. Qc4 $17 f6 18. c3) 17... Qd7 $19 18. hxg5 {[#]} Ne7 (18... e4 $1 $19 {[%cal Re4f3] is more deadly.} 19. Nd2 hxg5) 19. Rfe1 $2 (19. Qc4 $17 {was called for.}) 19... e4 20. gxh6 (20. Nc4 {only move.} Qxb5 21. axb5 exf3 {[#]} 22. Nxd6+ $1 {[%mdl 512]} Kf8 23. Rxe7 {[%mdl 64] Remove Defender, Decoy} Kxe7 24. Nf5+ {[%mdl 64] Discovered Attack} Kd7 25. Nxg7) 20... Bxb2 ({Not} 20... Bxh6 21. Nd4 $17) (20... Rxh6 21. Rab1 $17) 21. Rad1 Qxb5 (21... exf3 $2 22. Nf5 $17) 22. axb5 exf3 23. Nf5 Bf6 24. Nxe7 (24. Rxe7+ $142 Bxe7 25. Re1) 24... Bxe7 {Black is clearly winning.} 25. Bh4 f6 26. Bxf6 Rh7 27. Bxe7 (27. Bg7 $142 Kd7 28. Re3) 27... Rxe7 28. h7 Rxe1+ 29. Kh2 Kf7 {Accuracy: White = 25%, Black = 70%.} ({Weaker is} 29... Rxd1 30. h8=Q+ Kd7 31. Qxa8 $16) 0-1